000 00466nam a2200169Ia 4500
003 LDD
008 190117s9999 xx 000 0 und d
020 _c₹50
040 _cLDD
041 _ahi
082 _a401.43 ब्र2659अ
100 _aब्रजमोहन
245 0 _aअर्थ विज्ञान
_cब्रजमोहन
260 _aनई दिल्ली
_bराजकमल
_c1989
300 _a121प्र.
942 _2ddc
_cH
999 _c165070
_d165070